LEADER 01741nam0 22003493i 450 001 AQ10052271 005 20251003044043.0 010 $a0130306606 100 $a20091217d2001 ||||0itac50 ba 101 | $aeng 102 $aus 181 1$6z01$ai $bxxxe 182 1$6z01$an 200 1 $aModern control systems$fRichard C. Dorf, Robert H. Bishop 205 $a9. ed 210 $aUpper Saddle River$cPrentice Hall$dc2001 215 $aXXIII, 831 p.$cill.$d24cm. 606 $aSistemi di controllo automatici$2FIR$3CFIC002887$9E 676 $a629.8$9INGEGNERIA DEI CONTROLLI AUTOMATICI$v14 676 $a629.83$9INGEGNERIA DEI CONTROLLI AUTOMATICI. SISTEMI AD ANELLO CHIUSO (SISTEMI RETROAZIONATI)$v22 696 $aControllo automatico mediante computer 699 $aSistemi di controllo automatici$yControllo automatico mediante computer 700 1$aDorf$b, Richard C.$3CFIV061865$4070$022966 701 1$aBishop$b, Robert H.$f <1957- >$3UBOV053770$4070$0149826 801 3$aIT$bIT-000000$c20091217 850 $aIT-BN0095 901 $bNAP 01$cSALA DING $n$ 912 $aAQ10052271 950 0$aBiblioteca Centralizzata di Ateneo$b1 v. (3. copia)$c1 v. in tre copie$d 01SALA DING 629.8 DOR.mo$e 0102 0000045855 VMA A4 1 v.$fY $h20030103$i20030103$b1 v. (3. copia)$c1 v. in tre copie$d 01SALA DING 629.8 DOR.mo$e 0102 0000045865 VMA A4(bis 1 v. (2. copia)$fY $h20030103$i20030103$b1 v. (3. copia)$c1 v. in tre copie$d 01SALA DING 629.8 DOR.mo$e 0102 0000045875 VMA A4(ter 1 v. (3. copia)$fY $h20030103$i20030103 977 $a 01 996 $aModern Control Systems$948370 997 $aUNISANNIO